Wszystkie obszary MSI w Warszawie - Statystyki

Ogólne statystyki
  • Ten quiz został rozwiązany 2 446 razy
  • Średni wynik to 75 z 143
Odpowiedzi na mapie
Odpowiedzi zakodowano w zielono-czerwonej skali na mapie do tego quizu, zgodnie z poniższymi procentami.
 
Statystyki odpowiedzi
Odpowiedź % Poprawnych
kabaty
82%
śródmieście północne
81%
śródmieście południowe
81%
stare miasto
81%
powiśle
80%
młociny
79%
muranów
77%
targówek mieszkaniowy
77%
bródno
76%
gocław
76%
las
76%
natolin
76%
grochów
75%
nowe miasto
75%
służew
75%
stare bielany
72%
okęcie
71%
stara praga
71%
gocławek
70%
niedźwiadek
70%
saska kępa
70%
stara ochota
70%
żerań
70%
służewiec
69%
tarchomin
69%
nowa praga
67%
solec
67%
stary żoliborz
67%
koło
66%
wawrzyszew
65%
las kabacki
64%
raków
64%
stary mokotów
64%
lotnisko
63%
marymont potok
63%
stare włochy
63%
szmulowizna
63%
powązki
62%
sady żoliborskie
62%
wawer
62%
anin
61%
zacisze
61%
falenica
60%
młynów
60%
nowe włochy
60%
rakowiec
60%
targówek fabryczny
60%
ujazdów
60%
filtry
59%
jelonki północne
59%
siekierki
59%
ulrychów
59%
wierzbno
59%
jelonki południowe
58%
sadyba
58%
slodowiec
58%
stara miłosna
58%
szczęśliwice
58%
bemowo lotnisko
57%
boernerowo
57%
powsin
57%
chomiczówka
56%
pelcowizna
56%
stary rembertów
56%
olszynka grochowska
55%
wilanów królewski
55%
kamionek
54%
mirów
54%
sielce
54%
las bielański
53%
nowodwory
53%
wilanów niski
53%
wilanów wysoki
53%
czerniaków
52%
huta
52%
marymont ruda
52%
radość
52%
stegny
52%
nowolipki
51%
nowy rembertów
51%
fort bema
50%
czyste
49%
międzylesie
49%
radiowo
49%
ursynów północny
49%
odolany
48%
gołąbki
47%
bródno podgrodzie
46%
choszczówka
46%
chrzanów
46%
ksawerów
45%
marymont kaskada
45%
miedzeszyn
45%
wrzeciono
45%
powsinek
44%
augustówka
43%
białołęka dworska
43%
dąbrówka
43%
elsnerów
43%
grodzisk
43%
piaski
43%
ursynów centrum
43%
fort radiowo
42%
górce
42%
salomea
42%
henryków
41%
paluch
41%
utrata
41%
stary imielin
40%
zawady
40%
marysin wawerski
39%
pyry
39%
kępa zawadowska
38%
nadwiśle
38%
wyględów
38%
groty
37%
plac wojska polskiego
37%
szamoty
37%
wólka węglowa
37%
błonia wilanowskie
36%
jeziorki północne
36%
jeziorki południowe
36%
kawęczyn wygoda
36%
kobiałka
36%
wesoła centrum
35%
wola grzybowska
35%
aleksandrów
34%
skorosze
34%
brzeziny
33%
stary służew
33%
dąbrówka szlachecka
32%
placówka
31%
sadul
30%
czechowice
29%
skarpa powsińska
29%
szamocin
28%
zerzeń
27%
opacz wielka
26%
zielona grzybowa
24%
groszówka
23%
wyczółki
22%
grabów
20%
załuski
20%
Nie znaleziono quizów pasujących do podanych kryteriów
Rozkład punktacji
Procent ludzi z każdym wynikiem
Percentyl według liczby udzielonych odpowiedzi
Twoja historia wyników
Nie rozwiązałeś tego quizu